000 00554nam a22002177a 4500
003 OSt
005 20260327134940.0
008 260327b |||||||| |||| 00| 0 eng d
020 _a978-93-6487-688-9
040 _cSBCL
082 _a894.8123
_bSAN-T
100 _aSanthoshkumar,E
245 _aThapomayiyude Achan
250 _a19th ed.
260 _a Kottayam
_bDC Books
_c2026
300 _a342p.
630 _x Literature
650 _a Literatures of other languages
650 _aAltaic, Uralic, Hyperborean & Dravidian
942 _cBOOK
999 _c137846
_d137846